Reykjavík - quiz wielokrotnego wyboru - Statystyki

Ogólne statystyki
  • Ten quiz został rozwiązany 458 razy
  • Średni wynik to 4 z 10
Statystyki odpowiedzi
Zagadnienie Odpowiedź % Poprawnych
Jakie źródło energii dominuje w Reykjavíku? Geotermalne
84%
Któray znany islandzki artysta pochodzi z Reykjavíku? Björk
69%
W którym wieku powstała pierwsza osada na terenie dzisiejszego Reykjavíku? IX
60%
W jakim stylu architektonicznym zbudowano kościół Hallgrímskirkja? Neogotyckim
50%
Który z podanych herbów jest herbem Reykjaviku?
37%
Jak nazywa się słynna futurystyczna sala koncertowa w Reykjavíku? Harpa
37%
Która kobieta była pierwszą demokratycznie wybraną głową państwa na świecie i pochodziła z Reykjavíku? Vigdís Finnbogadóttir
31%
Co oznacza nazwa „Reykjavík” w tłumaczeniu na język polski? Dymna zatoka
29%
Jak nazywa się słynna rzeźba statku w Reykjavíku? Słoneczny Podróżnik
25%
Reykjavík leży nad zatoką... Faxa
14%
Nie znaleziono quizów pasujących do podanych kryteriów
Rozkład punktacji
Procent ludzi z każdym wynikiem
Percentyl według liczby udzielonych odpowiedzi
Twoja historia wyników
Nie rozwiązałeś tego quizu